|
|
|
|
| LEADER |
02312nam a2200433 a 4500 |
| 001 |
mzk03001029727 |
| 003 |
CZ BrMZK |
| 005 |
20210824092729.0 |
| 007 |
ta |
| 008 |
051019s1765 gw fr|||||00| ||gerod |
| 040 |
|
|
|a BOA001
|b cze
|
| 041 |
1 |
|
|a ger
|h eng
|
| 072 |
|
7 |
|a 094
|x Staré tisky
|2 Konspekt
|9 12
|
| 080 |
|
|
|a (0.068)094
|2 MRF
|
| 100 |
1 |
|
|a Bower, Archibald,
|d 1686-1766
|7 ola2009522677
|4 aut
|
| 245 |
1 |
0 |
|a Unpartheyische Historie der Römischen Päpste :
|b Von der Gründung des Römischen Stuhls bis auf die gegenwärtige Zeit.
|n Sechster Theil /
|c Herrn Archibald Bowers, Ehedem öffentlichen Lehrers der Rhetorik, Historie und Philosophie auf den Universitäten zu Rom, Ferrara und Macerata, auch Inquisitionsraths an dem letztern Orte ; Aus dem Engländischen übersetzet von Friedrich Eberhard Rambach, Königl. Preußischem Consistorialrath, E. E. Ministerii der Stadt Halle und im Saalkreise Inspector, Oberpfarrer und Past. Primarius der Hauptkirche zur L. Frauen, und des Gymnasii Scholarch
|
| 260 |
|
|
|a Magdeburg ;
|a und Leipzig :
|b In der Seidel- und Scheidhauerschen Buchhandlung,
|c 1765
|
| 300 |
|
|
|a 88, 586, [14] s. ;
|c 4°
|
| 500 |
|
|
|a Výzdoba: Nad impresem alegorická mědirytina (s monogramem vydavatelů "SUS"), rokajové vlysy, viněty, klišé
|
| 510 |
3 |
|
|a DNB
|
| 510 |
4 |
|
|a VD18,
|c VD18 80361617
|u https://kxp.k10plus.de/DB=1.65/PPNSET?PPN=023220775
|
| 561 |
|
|
|a Provenience: [razítko] Franzmuseum D.K.K.M.S. Ackerbaugesellschaft
|
| 563 |
|
|
|a Původní polokožená vazba
|
| 655 |
|
7 |
|a staré tisky
|7 fd422076
|2 czenas
|
| 700 |
1 |
|
|a Rambach, Friedrich Eberhard,
|d 1708-1775
|7 mzk2008453564
|4 trl
|
| 856 |
4 |
2 |
|u http://mdz-nbn-resolving.de/urn:nbn:de:bvb:12-bsb10003945-5
|y Digitalizovaný dokument
|z exemplář Bayerische Staatsbibliothek, sign. 4 H.eccl. 127-6
|
| 903 |
|
|
|a RP
|
| 910 |
|
|
|a BOA001
|b ST2-0006.673,6
|
| 978 |
|
|
|b Scheidhauer - dílna
|a Leipzig
|c 1765
|
| 978 |
|
|
|b Scheidhauer - dílna
|a Magdeburg
|c 1765
|
| 978 |
|
|
|b Seidel - dílna
|a Leipzig
|c 1765
|
| 978 |
|
|
|b Seidel - dílna
|a Magdeburg
|c 1765
|
| 984 |
|
|
|a Lipsko
|b Německo
|
| 984 |
|
|
|a Magdeburg
|b Německo
|
| 985 |
|
|
|a 1751-1800
|
| 990 |
|
|
|a BK
|
| 993 |
|
|
|a Y
|
| 991 |
|
|
|k mzk
|
| 996 |
6 |
|
|b 2619274207
|c ST2-0006.673,6
|l stud. ST
|r Sklad / do násl. otevíracího dne
|n 0
|w 001029727
|u 000010
|a 1
|e BOA001
|s P
|